Petroleum income tax in Malaysia
| Main Author: | |
|---|---|
| Format: | Book |
| Published: |
Kuala Lumpur :
Malayan Law Journal ,
1981
|
| Subjects: |
MARC
| LEADER | 00000cam a2200000 7i4500 | ||
|---|---|---|---|
| 001 | 0000001335 | ||
| 005 | 20050415.0 | ||
| 020 | |a 9971700 | ||
| 040 | |a INS | ||
| 090 | 0 | 0 | |a HD9576.M3 |b A74 1981 |
| 100 | 0 | |a Arjunan Subramaniam | |
| 245 | 1 | 0 | |a Petroleum income tax in Malaysia |c Arjunan Subramaniam |
| 260 | |a Kuala Lumpur : |b Malayan Law Journal , |c 1981 | ||
| 300 | |a xv, 240p. ; |c 25 cm. | ||
| 650 | 0 | 0 | |a Petroleum law and legislation |
| 999 | |a 0000003291 |b BOOK |c Open Shelf |e Default branch | ||